| 000 | 01477cad a22002295a 4500 | ||
|---|---|---|---|
| 001 | L154948 | ||
| 008 | 120208s2012 xxk f 000 0 eng d | ||
| 035 | _a(Sirsi) u154948 | ||
| 041 | 0 | _aeng | |
| 110 | 2 |
_aKPMG International _95143 |
|
| 245 | 0 | 4 |
_aThe great global infrastructure opportunity _bglobal construction survey 2012 _h[electronic resource] |
| 260 |
_a[S.l.] _bKPMG _c2012 |
||
| 505 | 2 | _aExecutive summary -- Opportunities and threats: the great energy and infrastructure opportunity -- Performance and future expectations: optimism in the midst of uncertainty -- Efficiency: building better practices -- Risk management: coping with risk in a changing world -- Looking forward: the engineering and construction company of the future -- About the survey | |
| 520 | _aThe results of the latest KPMG global construction survey illustrate that one constant in the uncertain climate for the engineering and construction industry is the insatiable demand for infrastructure in all forms which is causing a fundamental shift in focus for nearly all players in the sector across the world. | ||
| 590 | _aKA NTK | ||
| 651 | 4 | _aInternational | |
| 690 |
_aConstruction management _96230 |
||
| 690 |
_aInfrastructure _96246 |
||
| 690 |
_aEnergy _96237 |
||
| 856 | 4 | 0 |
_uhttps://www.kpmg.com/Global/en/IssuesAndInsights/ArticlesPublications/global-construction-survey-2012/Documents/infrastructure-opportunity.pdf _zView this item free of charge at www.kpmg.com |
| 942 | _n0 | ||
| 999 |
_c113254 _d113254 |
||